US States that Don't Contain the Letter I - Statistics

General Stats
  • This quiz has been taken 165 times
    159 since last reset
  • The average score is 21 of 22
Answers on the Map
Answers color-coded by a green-red scale on the quiz's map according to % correct below.
 
Answer Stats
Answer % Correct
Alaska
100%
New York
99%
Colorado
98%
Kentucky
98%
Montana
98%
Nevada
98%
New Jersey
98%
North Dakota
98%
Texas
98%
Utah
98%
South Dakota
97%
Alabama
96%
Arkansas
96%
Kansas
96%
Delaware
95%
Oregon
95%
Nebraska
94%
Tennessee
94%
Vermont
94%
Massachusetts
93%
Oklahoma
91%
Maryland
90%
No matching quizzes found
Score Distribution
Percent of People with Each Score
Percentile by Number Answered
Your Score History
You have not taken this quiz since the last reset